000 00709nam a2200205Ii 4500
003 JO-AjNU
008 230605s9999||||xx |||||||||||||| ||und||
040 _aJO-AjNU
_bara
_erda
_cJO-AjNU
041 _aara
050 1 4 _aBP172.5.J4.G482 1986
100 3 _aالحسني، عبد الله بن محمد بن الصديق,
_eauthor
_956339
245 0 0 _aعقيدة أهل الإسلام في نزول عيسى عليه السلام
250 _aط2
264 3 1 _aبيروت: عالم الكتب، 1986
300 _a167ص
336 _atext
_btxt
_2rdacontent
337 _aunmediated
_bn
_2rdamedia
338 _avolume
_bnc
_2rdacarrier
650 4 _aالنبوات- عيسى عليه السلام
_956340
999 _aA25182
_c28750
_d28750